[Event "TUR-chT2"]
[Site "Konya"]
[Date "2011.07.05"]
[Round "2"]
[White "Aksoy, Ayca"]
[Black "Gundogan, Ecem"]
[Result "1-0"]
[WhiteElo "1678"]
[BlackElo "1514"]
[PlyCount "63"]
[EventDate "2011.07.04"]
[EventType "team-swiss"]
[EventRounds "9"]
[EventCountry "TUR"]
[SourceTitle "CBM 143 Extra"]
[Source "ChessBase"]
[SourceDate "2011.08.29"]
[SourceVersion "1"]
[SourceVersionDate "2011.08.29"]
[SourceQuality "1"]
[WhiteTeam "Adana Ceyhan Belediye"]
[BlackTeam "Istanbul Dobruca"]
[WhiteTeamCountry "TUR"]
[BlackTeamCountry "TUR"]

1. e4 c6 2. d4 d5 3. exd5 cxd5 4. Bd3 Nc6 5. c3 g6 6. Nf3 Bf5 7. Bf4 Bxd3 8. Qxd3 e6 9. Nbd2 Bd6 10. Bg3 h5 11. Bxd6 Qxd6 12. Qe3 Nh6 13. Qg5 Nf5 14. h4 Qe7 15. 0-0-0 0-0-0 16. Qxe7 Nfxe7 17. Ng5 Rhf8 18. Rde1 Rd6 19. f3 Nd8 20. g4 f6 21. Nh3 hxg4 22. fxg4 Rh8 23. Nf4 Kd7 24. Nf3 Nf7 25. Rh2 g5 26. Nh5 Ng8 27. hxg5 fxg5 28. Ne5+ Ke8 29. Nxf7 Kxf7 30. Re5 Nf6 31. Rxg5 Rdd8 32. Rf2 1-0